An investigation into stylistic devices in english economic newspaper headlines published in VIETNAM snh in the word /

Đã lưu trong:
Chi tiết về thư mục
Tác giả chính: Trần Hoàng Thanh Thanh
Định dạng: Sách
Ngôn ngữ:English
Được phát hành: 2015.
Những chủ đề:
Các nhãn: Thêm thẻ
Không có thẻ, Là người đầu tiên thẻ bản ghi này!
Thư viện lưu trữ: Mạng thư viện Đại học Đà Nẵng
LEADER 01355nam a22003371a 4500
001 000035595
003 11882
005 20230307093905.0
008 160302s2015 000 eng
040 |a LNN 
041 |a eng 
082 |a 420.4  |b TR-T 
100 |a Trần Hoàng Thanh Thanh 
245 3 |a An investigation into stylistic devices in english economic newspaper headlines published in VIETNAM snh in the word /  |c Trần Hoàng Thanh Thanh. 
260 |c 2015. 
300 |a 51tr . : mh ; 30cm. 
650 |a Trần Hoàng Thanh Thanh, An investigation into stylistic devices in english economic newspaper headlines published in VIETNAM snh in the word, stylistic devices, economic newspaper 
852 |b P.Doc  |c Luận văn sinh viên 
OWN |a LNN 
AVA |a UDN50  |b LNN  |c English  |d 420.4 TR-T  |e available  |t Error 5001 Not defined in file expand_doc_bib_avail.  |f 1  |g 0  |h N  |i 0  |j AN  |k 1 
999 |a From the UDN01 
AVA |a UDN50  |b LNN  |c English  |d 420.4 TR-T  |e available  |t Error 5001 Not defined in file expand_doc_bib_avail.  |f 1  |g 0  |h N  |i 0  |j AN  |k 1 
TYP |a Monograph 
TYP |a Printed language 
980 |a Mạng thư viện Đại học Đà Nẵng